000 01699cam a22003491i 4500
003 SA-RiAUC
005 20241125054859.0
008 241124s1978 ku g f00010 ara c
040 _aSA-JeALM
_bara
_cSA-RiAUC.
_erda
041 1 _aara
_hund
082 0 4 _a953
090 _a953
_bش خ ت
100 1 _aشخت، جوزف،
_d1902-1970
_eمؤلف.
245 1 0 _aتراث الإسلام /
_cتصنيف شاخت، كليفورد بوزورث ؛ ترجمة محمد زهير السمهوري ؛ تعليق وتحقيق شاكر مصطفى ؛ مراجعة فؤاد زكريا. ترجمة حسين مؤنس ، احسان صدقي العمد
264 1 _aالكويت :
_bالمجلس الوطني للثقافة والفنون والآداب،
_c1978
300 _aمجلد ؛
_c22 سم.
336 _aنص
_btxt
_2rdacontent
_3كتاب
337 _aبدون وسيط
_bn
_2rdamedia
338 _aمجلد
_bnc
_2rdacarrier
490 1 _aعالم المعرفة / المجلس الوطني للثقافة والفنون والآداب (الكويت) ؛
_v8 . 11 . 12
590 _aتمت الفهرسة من القسم الأول فقط.
650 7 _aالحضارة الإسلامية
_2aucsh
650 7 _aالتاريخ الإسلامي
_2aucsh
700 1 _aبوزورث، كليفورد،
_d1928-2015
_eمؤلف.
700 1 _aالسمهوري، زهير،
_d1932-
_eمترجم.
700 1 _aمصطفى، شاكر،
_d1921-1997
_eمعلق.
700 1 _aزكريا، فؤاد حسن،
_d1927-2010
_eمراجع.
700 _aمؤنس، حسين
_eمترجم
700 _aالعمد، احسان صدقي
_eمترجم
942 _2ddc
_cBOOK
_n0
949 _aSA-JeALM
_d241124
_umohamedma123
_n1
999 _c2739
_d2739